000 00259nam a22001097a 4500
008 170118b xxu||||| |||| 00| 0 eng d
020 _a0201511624
041 _aeng
080 _24TH
_a618.2
245 _aFUNDAMENTALS OF NURSING
_cBUFALINO, P.M
942 _2udc
_cBK
999 _c3106
_d3106